000 00464nam a2200133Ia 4500
008 220216s9999 xx 000 0 und d
100 _aAbraham G
245 0 _aEpoxy-imide adhesives from hydroxyl terminated polybutadiene liquid rubber
260 _bProceedings of the International Conference on Rubbers, Calcutta, December 12-14 1997, Vol. III, pp. 183-186.
_c1997
700 _aAdhinarayan k
700 _aPackirisamy S
700 _aRamaswamy R
942 _cJS
999 _c58746
_d58746